| 000 | 00542nam a2200181 i 4500 | ||
|---|---|---|---|
| 001 | bg | ||
| 100 | 1 | _aGONTARCZYK, Stefan. | |
| 245 | 0 |
_aPolnische Studenten lernen Deutsch. Grundstufe / _cStefan Gontarczyk, Krystyna Toby-Tereszyńska, Waldemar Trambacz. |
|
| 260 |
_aWarszawa : _bPaństw. Wydawn. Nauk., _c1972. |
||
| 300 | _as. 282, nlb. 1. | ||
| 700 | 1 | _aTOBY-TERESZYŃSKA, Krystyna. | |
| 700 | 1 | _aTRAMBACZ, Waldemar. | |
| 040 | _cBPK | ||
| 041 | _apol | ||
| 080 | _a803.0 | ||
| 942 | _cKS | ||
| 008 | s pl f |000 0 pol | ||
| 999 |
_c7497 _d7497 |
||
| 856 |
_uhttp://koha.tu.koszalin.pl/cgi-bin/koha/opac-detail.pl?biblionumber=7497 _yKatalog online BPK |
||